Rubber plantaiton: A sustainable source of wood (Record no. 48272)

MARC details
000 -LEADER
fixed length control field 00354nam a2200133Ia 4500
100 ## - MAIN ENTRY--AUTHOR NAME
Personal name Nair M K B
245 #0 - TITLE STATEMENT
Title Rubber plantaiton: A sustainable source of wood
260 ## - PUBLICATION, DISTRIBUTION, ETC. (IMPRINT)
Name of publisher Indian Rubber Industry
Year of publication 2001
300 ## - PHYSICAL DESCRIPTION
Number of Pages 14-15
650 ## - SUBJECT ADDED ENTRY--TOPICAL TERM
Topical Term Rubber cultivation
650 ## - SUBJECT ADDED ENTRY--TOPICAL TERM
Topical Term Rubber plantation
942 ## - ADDED ENTRY ELEMENTS (KOHA)
Koha item type Bibliography RLWO
Holdings
Withdrawn status Lost status Damaged status Not for loan Home library Current library Date acquired Serial Enumeration / chronology Koha item type
      Bibliography RRII Library RRII Library 31/12/2021 Issue Ju-Aug Bibliography RLWO